000 00567nam a2200181 4500
001 107706
003 ES-MaACL
005 20230906184456.0
007 t|
008 061121s1972 sp r ||||1| spa d
100 1 _aMoss, William T.
_983794
245 1 0 _aRadioterapia clínica /
_cWilliam T. Moss, William N. Brand; versión de Juan R. Zaragoza.
260 _aBarcelona :
_bSalvat,
_c1972.
300 _aXVI, 584 p. :
_bil. ;
_c25 cm.
700 1 _aWilliam N. Brand.
_9116903
700 1 _aZaragoza, Juan Ramón.
_9118038
852 _aES-MaACL
_jC-48749
_bR.84311
999 _c107706
_d107706